00705nam a22002177a 450000500170000001000150001702000260003203500140005803700130007208200150008510000220010024501000012226000570022227000700027930000250034970000270037470000200040170000210042170000230044270000220046520220419131431.0 aENG-132320 a9788193376157c250.00 aEN-115852 bDBAD/PUB a338.954164 aFernandes, Walter aThe Challenge Of Development:bDisplacement in Nagaland 1947-2010/cWalter Fernandes [et.al...] aGuwahatibNorth Eastern Social Research Centrec2017 aGMCH Road, Christian BastibGuwahatie781005mnerscrghy@gmail.com aix, 284p.c22cm(pbk) aMughavi, Bokali Chishi aPienyu, Medonuo aAchumi, K. Alibo aYanthan, Mhonthung aFidelia, Thejanuo